El discurso sobre la identidad latinoamericana en la crítica literaria sobre los heraldos negros en César Vallejo

Salvato in:
Dettagli Bibliografici
Autore principale: Chavarría Alfaro, María Gabriela
Natura: Sconosciuto
Pubblicazione: San José, Costa Rica 1990
Serie:Serie Pensamiento Actual
Soggetti:
Tags: Aggiungi Tag
Nessun Tag, puoi essere il primo ad aggiungerne!!

MARC

LEADER 000000000a22000000004500
001 001973
041 0 |a español 
092 0 |a Pe861.4D V192ch 
100 1 |a Chavarría Alfaro, María Gabriela 
245 1 3 |a El discurso sobre la identidad latinoamericana en la crítica literaria sobre los heraldos negros en César Vallejo 
260 |a San José, Costa Rica   |c 1990 
300 |a 37 páginas 
440 0 |a Serie Pensamiento Actual 
500 |a número de inscripción 01111 
600 4 |a VALLEJO, CESAR ABRAHAM, 1892-1938.LOS HERALDOS NEGROS 
650 4 |a CRITICAS 
650 4 |a LITERATURA PERUANA 
650 4 |a POESIA 
999 |c 2857  |d 2857